100 plus grandes villes de France par les deux premières lettres - Statistiques

Statistiques générales
  • Ce quiz a été pris 448 fois
  • Le résultat moyen est 65 sur 100
Réponses sur la Carte
Les réponses sont colorées sur une échelle allant du rouge au vert en fonction du pourcentage des utilisateurs qui les ont devinées à leur premier essai. Vous pouvez retrouver ces pourcentages ci-dessous.
 
Statistiques - réponses
Pop Ville % Correct
143 k Le Mans
98%
59,0 k Pantin
98%
2.175 k Paris
98%
76,2 k Pau
98%
112 k | 150 k Saint-Denis
96%
173 k Saint-Étienne
96%
75,2 k Saint-Maur-des-Fossés
96%
70,6 k Saint-Nazaire
96%
103 k Saint-Paul
96%
84,9 k Saint-Pierre
96%
233 k Lille
95%
131 k Limoges
95%
71,4 k Mamoudzou
94%
868 k Marseille
94%
257 k Bordeaux
91%
121 k Boulogne-Billancourt
91%
64,6 k Bourges
91%
176 k Toulon
90%
486 k Toulouse
90%
97,4 k Tourcoing
90%
136 k Tours
90%
104 k Nancy
89%
96,8 k Nanterre
89%
314 k Nantes
89%
518 k Lyon
88%
341 k Nice
88%
149 k Nîmes
88%
59,0 k Niort
88%
284 k Strasbourg
88%
182 k Reims
87%
217 k Rennes
87%
105 k Caen
86%
72,9 k Calais
86%
73,9 k Cannes
86%
63,6 k Cayenne
86%
76,1 k La Rochelle
86%
60,9 k Montauban
85%
290 k Montpellier
85%
109 k Montreuil
85%
58,8 k Sarcelles
85%
139 k Brest
84%
169 k Le Havre
81%
79,3 k Le Tampon
80%
57,1 k Le Blanc-Mesnil
78%
65,8 k Levallois-Perret
78%
154 k Angers
70%
128 k Annecy
70%
72,9 k Antibes
70%
62,8 k Antony
70%
156 k Dijon
70%
98,0 k Roubaix
68%
111 k Rouen
68%
70,8 k Mérignac
67%
116 k Metz
67%
58,8 k Chambéry
63%
77,0 k Champigny-sur-Marne
63%
79,1 k Cherbourg-en-Cotentin
63%
119 k Perpignan
63%
64,3 k Pessac
63%
62,8 k La Seyne-sur-Mer
62%
116 k Besançon
61%
77,5 k Béziers
61%
146 k Clermont-Ferrand
57%
62,4 k Clichy
57%
70,8 k Ajaccio
55%
157 k Grenoble
53%
88,6 k Poitiers
50%
64,7 k Valence
50%
133 k Amiens
48%
68,7 k Colmar
46%
86,0 k Colombes
46%
82,1 k Courbevoie
46%
108 k Mulhouse
45%
62,7 k Villeneuve-d'Ascq
45%
150 k Villeurbanne
45%
94,6 k Vitry-sur-Seine
45%
116 k Orléans
43%
86,8 k Dunkerque
40%
87,5 k Aubervilliers
38%
86,2 k Aulnay-sous-Bois
38%
63,1 k Quimper
37%
68,1 k Noisy-le-Grand
35%
94,2 k Nouméa
35%
61,9 k Troyes
35%
110 k Argenteuil
33%
78,1 k Fort-de-France
33%
67,1 k Vénissieux
33%
85,2 k Versailles
33%
143 k Aix-en-Provence
30%
59,9 k Neuilly-sur-Seine
23%
91,7 k Avignon
22%
66,3 k Cergy
19%
92,2 k Créteil
18%
67,1 k Évry-Courcouronnes
18%
77,9 k Rueil-Malmaison
11%
85,9 k Asnières-sur-Seine
10%
68,2 k Issy-les-Moulineaux
10%
63,3 k Ivry-sur-Seine
10%
72,1 k Drancy
8%
Aucun quiz correspondant
Distribution des résultats
% des personnes avec chaque résultat
Percentile par nombre de réponses
Votre historique - résultats
Vous n’avez pas pris ce quiz